| 000 | 004290000a22001930004500 | ||
|---|---|---|---|
| 003 | LK-CoMWRAF | ||
| 005 | 20231029224746.0 | ||
| 008 | 230817t ||||| |||| 00| 0 eng d | ||
| 020 | _a0241142938 | ||
| 040 |
_aLK-CoMWRAF _dLK-CoMWRAF _eLK-CoMWRAF |
||
| 041 | _aeng | ||
| 082 |
_a823 _bSMI |
||
| 100 | _aSmith, Zadie | ||
| 245 | _aOn beauty | ||
| 260 | _c2005 | ||
| 300 | _a445p | ||
| 650 | _aEnglish Fiction | ||
| 942 | _cBK | ||
| 999 |
_c2170 _d2170 |
||